| 000 -CABECERA |
| fixed length control field |
02558nam a22003497a 4500 |
| 003 - IDENTIFICADOR DEL NÚMERO DE CONTROL |
| control field |
AR-CdUCM |
| 008 - DATOS DE LONGITUD FIJA--INFORMACIÓN GENERAL |
| fixed length control field |
190425b ||||| |||| 00| 0 spa d |
| 040 ## - FUENTE DE LA CATALOGACIÓN |
| Agencia/entidad que catalogó originalmente la obra |
MUNICIPALIDAD PROVINCIAL DEL CUSCO |
| Entidad que transcribió la catalogación |
BIBLIOTECA MUNICIPAL DEL CUSCO |
| 082 ## - NÚMERO DE LA CLASIFICACIÓN DECIMAL DEWEY |
| No. de Clasificación |
Rev.IAAC/N°10/1960 |
| 110 ## - ENTRADA PRINCIPAL--NOMBRE DE ENTIDAD CORPORATIVA |
| Nombre de la institución, jurisdicción como entrada principal |
Instituto Americano de Arte del Cuzco |
| 9 (RLIN) |
43770 |
| 245 ## - MENCIÓN DE TÍTULO |
| Título |
Revista del Instituto Americano de Arte / |
| 260 ## - PUBLICACIÓN, DISTRIBUCIÓN, ETC. |
| Lugar de publicación, distribución, etc. |
Cusco : |
| Nombre de la editorial, distribuidor, etc. |
H.G. Rozas, |
| Fecha de publicación, distribución, etc. |
1960. |
| 300 ## - DESCRIPCIÓN FÍSICA |
| Nº de Páginas Extensión |
210 [102] páginas. : |
| Otros detalles físicos |
ilustraciones, laminas ; |
| Dimensiones |
24 cm. |
| 440 ## - MENCIÓN DE SERIE/PUNTO DE ACCESO ADICIONAL--TÍTULO |
| Título |
Revista del Instituto Americano de Arte Cuzco. |
| Número de la parte/sección de una obra |
Año X, [?] semestre de 1960, N°10. Vol.[?] |
| 9 (RLIN) |
46134 |
| 505 ## - NOTA DE CONTENIDO CON FORMATO |
| Nota de contenido formateada |
Contenido: Dos capítulos de la historia de la Universidad del Cuzco. -- Horacio Villanueva Urteaga. -- El Archivo de Indias de Sevilla. Manuel E. Cuadros. -- Dos inéditos de Túpac Amaru. Daniel Valcárcel. -- Evocando el pasado. Luis Felipe Paredes. -- Crónica de antaño. Una corrida de toros el año 1851. -- Música trágica. Policarpo Caballero. -- Ventanas y ventales cuzqueños, El Ajimez. -- Rafael Calderón Peñaylillo. -- Pasión hispanista de Archer Milton Hungtinton. Carlos Gregorio Taborga. -- Román Saavedra S. Rocas y Magueyes. -- Sobre el poeta César Vallejo. Román Saavedra. -- La ciudad del Paititi. Mario Gilt Contreras. -- La mujer andina y la Biblia. Jorge A. Lira. -- José Hernández padre de Martín Fierro. María del Carmen S. de Ferro. -- La vida y la obra de Francisco Olazo. Mariano Fuentes Lira. -- Una leyenda vernacular La Ñusta encantada de Pisac. -- Ciudad de piedra y oro. Julio G. Gutiérrez. -- Nuevo canto libertador al Cuzco. Luis Nieto Miranda. -- Un esquema de enfoque a la historia del arte. Rosa Julia Faccaro. -- XXIII Aniversario del Instituto homenaje a los socios fallecidos. -- Cabildos y Ayuntamientos del Cuzco y fundación del Hospital de Naturales. Jesús M. Covarrubias Pozo. |
| 650 ## - PUNTO DE ACCESO ADICIONAL DE MATERIA--TÉRMINO DE MATERIA |
| Descriptor |
Tradiciones cusqueñas |
| 9 (RLIN) |
31110 |
| 650 ## - PUNTO DE ACCESO ADICIONAL DE MATERIA--TÉRMINO DE MATERIA |
| Descriptor |
Literatura cusqueña |
| 9 (RLIN) |
46110 |
| 650 ## - PUNTO DE ACCESO ADICIONAL DE MATERIA--TÉRMINO DE MATERIA |
| Descriptor |
Poetas cusqueños |
| 9 (RLIN) |
5956 |
| 650 ## - PUNTO DE ACCESO ADICIONAL DE MATERIA--TÉRMINO DE MATERIA |
| Descriptor |
Arte cusqueño |
| 9 (RLIN) |
13165 |
| 650 ## - PUNTO DE ACCESO ADICIONAL DE MATERIA--TÉRMINO DE MATERIA |
| Descriptor |
Arquitectura cusqueña |
| 9 (RLIN) |
30237 |
| 650 ## - PUNTO DE ACCESO ADICIONAL DE MATERIA--TÉRMINO DE MATERIA |
| Descriptor |
Libro de cabildos |
| 9 (RLIN) |
46135 |
| 650 ## - PUNTO DE ACCESO ADICIONAL DE MATERIA--TÉRMINO DE MATERIA |
| Descriptor |
Parroquia de San Pedro |
| 9 (RLIN) |
46136 |
| 650 ## - PUNTO DE ACCESO ADICIONAL DE MATERIA--TÉRMINO DE MATERIA |
| Descriptor |
Universidad Nacional de San Antonio Abad de Cusco |
| 9 (RLIN) |
46137 |
| 700 ## - PUNTO DE ACCESO ADICIONAL--NOMBRE DE PERSONA |
| Nombre Personal |
Gutiérrez Loayza, Julio |
| 9 (RLIN) |
46116 |
| 700 ## - PUNTO DE ACCESO ADICIONAL--NOMBRE DE PERSONA |
| Nombre Personal |
Nieto Mirando, Luis |
| 9 (RLIN) |
46131 |
| 700 ## - PUNTO DE ACCESO ADICIONAL--NOMBRE DE PERSONA |
| Nombre Personal |
Caballero Farfán, Policarpo |
| 9 (RLIN) |
13130 |
| 700 ## - PUNTO DE ACCESO ADICIONAL--NOMBRE DE PERSONA |
| Nombre Personal |
Villanueva Urteaga, Horacio |
| 9 (RLIN) |
5790 |
| 700 ## - PUNTO DE ACCESO ADICIONAL--NOMBRE DE PERSONA |
| Nombre Personal |
Fuentes Lira, Mariano |
| 9 (RLIN) |
36631 |
| 700 ## - PUNTO DE ACCESO ADICIONAL--NOMBRE DE PERSONA |
| Nombre Personal |
Covarrubias Pozo, Jesús |
| 9 (RLIN) |
46044 |
| 942 ## - ELEMENTOS DE PUNTO DE ACCESO ADICIONAL (KOHA) |
| Fuente de clasificación |
|
| Tipo de item |
Revistas cusqueñas |
| 945 ## - PROCESAMIENTO DE INFORMACIÓN LOCAL (OCLC) |
| Catalogador |
rac |